| 000 | 01198nam a22002777a 4500 | ||
|---|---|---|---|
| 001 | BD-DhSAU 9450 | ||
| 003 | BD-DhSAU | ||
| 005 | 20181209163907.0 | ||
| 008 | 150613b2013 bg a|||| m||| 00| 0 eng d | ||
| 040 | _aBD-DhSAU | ||
| 082 |
_222 _a630.715 _bT171 |
||
| 100 |
_aTarannum, Noshin _eRegistration # 06-1907 |
||
| 245 |
_aAttitude of farmers towards improved agricultural implements / _bMS thesis _cNoshin Tarannum |
||
| 260 |
_aSher-e-Bangla Agricultural Uniersity : _bDepartment. of Agricultural Extension & Information System, _c2012 |
||
| 300 |
_a107 p. : _bill. ; _c30 cm. |
||
| 500 | _aMS thesis of Department of Agricultural Extension & Information System, Faculty of Agriculture, Sher-e-Bangla Agricultural University, Dhaka, Bangladesh | ||
| 504 | _aIncludes bibliographical reference. | ||
| 590 | _aerfat | ||
| 650 | _aAgricultural Extension & Information System | ||
| 650 | _aAttitude of farmers towards | ||
| 650 | _aimproved agricultural implements | ||
| 700 |
_a Bhyiyan, Mohammad Hossain _eSuperviser |
||
| 700 |
_a Ali, Md Sekender _eCo-superviser |
||
| 856 | _u http://archive.saulibrary.edu.bd:8080/xmlui/handle/123456789/863 | ||
| 942 |
_2ddc _cTHESIS |
||
| 999 |
_c9450 _d9450 |
||